হ্যালো ক্যাডেটস / (Record no. 2877)
[ view plain ]
| 000 -LEADER | |
|---|---|
| fixed length control field | 00646nam a2200217 a 4500 |
| 001 - CONTROL NUMBER | |
| JCCL Control Number | 2877 |
| 003 - CONTROL NUMBER IDENTIFIER | |
| JCCL marc code | BD-JhCC |
| 005 - DATE AND TIME OF LATEST TRANSACTION | |
| control field | 20220825134021.0 |
| 008 - FIXED-LENGTH DATA ELEMENTS--GENERAL INFORMATION | |
| fixed length control field | 171107s2009 bg | ||| ||a| 000 0 ben d |
| 035 ## - SYSTEM CONTROL NUMBER | |
| system control number | (BD-JhCC)2877 |
| 040 ## - CATALOGING SOURCE | |
| Original cataloging agency | BD-JhCC |
| Modifying agency | BD-JhCC |
| 041 ## - LANGUAGE CODE | |
| Language code of Book | ben |
| 082 ## - DEWEY DECIMAL CLASSIFICATION NUMBER | |
| Classification number | 378.196 |
| Author mark and Year | MAM 2009 |
| 100 ## - MAIN ENTRY--PERSONAL NAME | |
| Personal name | মামুন, মোস্তফা |
| 245 ## - TITLE STATEMENT | |
| Title | হ্যালো ক্যাডেটস / |
| Statement of responsibility, etc | মোস্তফা মামুন |
| 260 ## - PUBLICATION, DISTRIBUTION, ETC. (IMPRINT) | |
| Place of publication, distribution, etc | ঢাকা : |
| Name of publisher, distributor, etc | বিদ্যাপ্রকাশ, |
| Date of publication, distribution, etc | 2009. |
| 300 ## - PHYSICAL DESCRIPTION | |
| Pagination | 171 p. : |
| Dimensions | 21 cm. |
| 650 ## - SUBJECT ADDED ENTRY--TOPICAL TERM | |
| Topical term or geographic name as entry element | Cadet College Education |
| 942 ## - ADDED ENTRY ELEMENTS (KOHA) | |
| Source of classification or shelving scheme | Dewey Decimal Classification |
| Koha item type | Books |
| Koha issues (borrowed), all copies | 6 |
| Source of classification or shelving scheme | Damaged status | Not for loan | Home library | Current library | Shelving location | Date of accession | Cost, normal purchase price | Total Checkouts | Full call number | Barcode | Date last seen | Copy number | Koha item type | Date checked out | Method of acquisition | Currency |
|---|---|---|---|---|---|---|---|---|---|---|---|---|---|---|---|---|
| Dewey Decimal Classification | JCC Rouf Library | JCC Rouf Library | General Stacks | 11/07/2017 | 180.00 | 378.196 MAM 2009 | 4660 | 11/07/2017 | C-1 | Books | ||||||
| Dewey Decimal Classification | JCC Rouf Library | JCC Rouf Library | General Stacks | 12/04/2017 | 80.00 | 378.196 MAM 2009 | 6027 | 12/04/2017 | C-2 | Books | ||||||
| Dewey Decimal Classification | JCC Rouf Library | JCC Rouf Library | General Stacks | 12/26/2017 | 180.00 | 7 | 378.196 MAM 2009 | 8185 | 02/16/2025 | C-3 | Books | 01/19/2025 | ||||
| Dewey Decimal Classification | JCC Rouf Library | JCC Rouf Library | General Stacks | 12/28/2017 | 180.00 | 378.196 MAM 2009 | 8237 | 12/28/2017 | C - 4 | Books | ||||||
| Dewey Decimal Classification | JCC Rouf Library | JCC Rouf Library | General Stacks | 180.00 | 378.196 MAM 2009 | 19530 | 05/11/2024 | C-5 | Books | Purchase | BDT |